| 000 | 00529nam a22001697a 4500 | ||
|---|---|---|---|
| 003 | NUST | ||
| 038 | _aNusrat Nadeem | ||
| 082 | _a200 | ||
| 100 |
_aAleem, Muhammad Abdul _9126378 |
||
| 245 |
_aEnhancing Image Processing through Quantum CNN/ _cMuhammad Abdul Aleem, |
||
| 264 |
_aIslamabad; _bSEECS NUST; _c2024. |
||
| 300 | _a59,p; | ||
| 650 |
_aMS-Electrical Engineering _923567 |
||
| 700 |
_aSupervisor: Dr Muhammad Ajmal Khan _9126379 |
||
| 856 | _uhttp://10.250.8.41:8080/xmlui/handle/123456789/47247 | ||
| 942 |
_2ddc _cSC |
||
| 999 |
_c612087 _d612087 |
||